[Event "Campeonato del Mundo por Equipos 2005"]
[Site "Beer Sheva ISR"]
[Date "2005.11.07"]
[Round "6.2"]
[White "Moiseenko, Alexander"]
[Black "Ni, Hua"]
[Result "0-1"]
[WhiteElo "2663"]
[BlackElo "2603"]
[PlyCount "70"]
[EventDate "2005.11.01"]
[EventType "team"]
[EventRounds "8"]
[EventCountry "ISR"]
[Source "lmi"]
[SourceDate "2005.11.11"]
[WhiteTeam "Ukraine"]
[BlackTeam "CHM"]
[WhiteTeamCountry "UKR"]

1. d4 d5 2. c4 c6 3. Nc3 Nf6 4. e3 a6 5. Nf3 b5 6. c5 g6 7. Ne5 Bg7 8. Be2 O-O
9. O-O Nfd7 10. f4 f5 11. Nd3 a5 12. Bd2 Nf6 13. Be1 Nbd7 14. Bh4 Kh8 15. Kh1
Ne4 16. h3 h6 17. g4 b4 18. Nxe4 dxe4 19. Nf2 Nf6 20. Bxf6 Bxf6 21. gxf5 Bxf5
22. Bc4 e6 23. Kh2 g5 24. Qh5 Ra7 25. Ng4 gxf4 26. Nxf6 Qxf6 27. Rxf4 Rg7 28.
Rg1 Rfg8 29. Rff1 Rg5 30. Qe2 Qg6 31. Rxg5 Qxg5 32. Qf2 Qh5 33. h4 Rg4 34. Be2
Rxh4+ 35. Kg1 Rh1+ 0-1

[Event "Campeonato del Mundo por Equipos 2005"]
[Site "Beer Sheva ISR"]
[Date "2005.11.07"]
[Round "6.2"]
[White "Zhang, Zhong"]
[Black "Karjakin, Sergey"]
[Result "1/2-1/2"]
[WhiteElo "2598"]
[BlackElo "2658"]
[PlyCount "105"]
[EventDate "2005.11.01"]
[EventType "team"]
[EventRounds "8"]
[EventCountry "ISR"]
[Source "lmi"]
[SourceDate "2005.11.11"]
[WhiteTeam "CHM"]
[BlackTeam "Ukraine"]
[BlackTeamCountry "UKR"]

1. e4 c5 2. Nf3 d6 3. d4 cxd4 4. Nxd4 Nf6 5. Nc3 a6 6. Be3 Ng4 7. Bc1 Nf6 8.
Bg5 e6 9. f4 Qb6 10. Qd3 Qxb2 11. Rb1 Qa3 12. f5 Be7 13. Be2 Nc6 14. fxe6 fxe6
15. Nxc6 bxc6 16. O-O Qa5 17. Bxf6 gxf6 18. Bg4 O-O 19. Kh1 Kh8 20. Ne2 d5 21.
Nd4 dxe4 22. Qxe4 Qd5 23. Qxd5 exd5 24. Nxc6 Bc5 25. Bf3 Be6 26. Nb4 Bxb4 27.
Rxb4 Rab8 28. Ra4 Bf5 29. Bxd5 Bxc2 30. Raf4 a5 31. h3 Rb5 32. Bc4 Rb4 33. R1f2
Bg6 34. Kh2 Rd8 35. Bb3 Rxf4 36. Rxf4 Kg7 37. Rc4 Rd2 38. Kg3 Bb1 39. Rg4+ Kh6
40. Ra4 f5 41. Rxa5 Be4 42. Ra6+ Kg7 43. Kf4 Rf2+ 44. Ke5 Rxg2 45. h4 h5 46.
Bd1 Rh2 47. Kf4 Rf2+ 48. Kg5 Rg2+ 49. Kf4 Rf2+ 50. Ke5 Rh2 51. Ra7+ Kg6 52.
Ra6+ Kg7 53. Ra7+ 1/2-1/2

[Event "Campeonato del Mundo por Equipos 2005"]
[Site "Beer Sheva ISR"]
[Date "2005.11.07"]
[Round "6.3"]
[White "Gulko, Boris F"]
[Black "Zhao, Xue"]
[Result "1-0"]
[WhiteElo "2577"]
[BlackElo "2478"]
[PlyCount "105"]
[EventDate "2005.11.01"]
[EventType "team"]
[EventRounds "8"]
[EventCountry "ISR"]
[Source "lmi"]
[SourceDate "2005.11.11"]
[WhiteTeam "United States"]
[BlackTeam "CHW"]
[WhiteTeamCountry "USA"]

1. d4 Nf6 2. c4 e6 3. Nc3 Bb4 4. g3 O-O 5. Bg2 d5 6. a3 Be7 7. Nf3 Nbd7 8. O-O
c6 9. Qd3 b6 10. e4 Ba6 11. b3 c5 12. exd5 exd5 13. Rd1 Rc8 14. dxc5 dxc4 15.
Qf1 Bb7 16. b4 bxc5 17. b5 Qe8 18. Qxc4 Nb6 19. Qe2 Nfd5 20. Nxd5 Bxd5 21. Bb2
Bc4 22. Qe4 Bxb5 23. Qb7 Bd8 24. Ne5 Rc7 25. Qb8 Re7 26. a4 Bc7 27. Qc8 Qd8 28.
Qxd8 Be8 29. Nc6 Re6 30. Nxa7 Bxa4 31. Rdc1 c4 32. Bd4 Bd7 33. Rab1 Rxd8 34.
Be3 Be8 35. Nb5 Be5 36. Bh3 Rg6 37. Bf5 Rf6 38. Bg5 h6 39. Bxf6 Bxf6 40. Nc7
Bd7 41. Bxd7 Rxd7 42. Nb5 Rd3 43. Kf1 Rb3 44. Nd6 Be5 45. Ne4 Nd5 46. Rxb3 cxb3
47. Rc5 b2 48. Nd2 Nc3 49. Rxe5 b1=Q+ 50. Nxb1 Nxb1 51. Ke2 Nc3+ 52. Kd3 f6 53.
Ra5 1-0

[Event "Campeonato del Mundo por Equipos 2005"]
[Site "Beer Sheva ISR"]
[Date "2005.11.07"]
[Round "6.3"]
[White "Wang, Yu A"]
[Black "Kaidanov, Gregory S"]
[Result "0-1"]
[WhiteElo "2396"]
[BlackElo "2608"]
[PlyCount "100"]
[EventDate "2005.11.01"]
[EventType "team"]
[EventRounds "8"]
[EventCountry "ISR"]
[Source "lmi"]
[SourceDate "2005.11.11"]
[WhiteTeam "CHW"]
[BlackTeam "United States"]
[BlackTeamCountry "USA"]

1. e4 e5 2. Nf3 Nc6 3. d4 exd4 4. Nxd4 Nf6 5. Nxc6 bxc6 6. Bd3 d5 7. Nc3 Be7 8.
O-O O-O 9. e5 Ng4 10. Bf4 f6 11. exf6 Bxf6 12. Bg3 Rb8 13. Na4 g6 14. c3 Bg7
15. Re1 Nf6 16. Bh4 Qd6 17. Qe2 Qf4 18. Bxf6 Bxf6 19. Bc2 Bg7 20. Qe3 Qxe3 21.
Rxe3 d4 22. cxd4 Bxd4 23. Re2 Ba6 24. Rd2 c5 25. Bb3+ Kh8 26. Rc1 Rbe8 27. Nc3
Re5 28. h3 h5 29. Bd5 Rfe8 30. Rdd1 Kg7 31. Bf3 R8e7 32. Nd5 Rf7 33. Nxc7 Be2
34. Rd2 Bxf3 35. gxf3 Rxf3 36. Kg2 Rf7 37. b4 Bxf2 38. Rxf2 Rxc7 39. Rfc2 c4
40. Rxc4 Re2+ 41. Kf3 Rxc4 42. Rxc4 Rxa2 43. h4 Ra3+ 44. Ke4 Rg3 45. Ke5 Kh6
46. b5 Rb3 47. Rc5 Rb4 48. Kd6 Rxh4 49. Kc7 Ra4 50. Kb7 Ra5 0-1

[Event "Campeonato del Mundo por Equipos 2005"]
[Site "Beer Sheva ISR"]
[Date "2005.11.07"]
[Round "6.4"]
[White "Aronian, Levon"]
[Black "Svidler, Peter"]
[Result "1/2-1/2"]
[WhiteElo "2724"]
[BlackElo "2740"]
[PlyCount "70"]
[EventDate "2005.11.01"]
[EventType "team"]
[EventRounds "8"]
[EventCountry "ISR"]
[Source "lmi"]
[SourceDate "2005.11.11"]
[WhiteTeam "Armenia"]
[BlackTeam "Russia"]
[WhiteTeamCountry "ARM"]
[BlackTeamCountry "RUS"]

1. d4 Nf6 2. c4 g6 3. Nf3 Bg7 4. g3 c6 5. Nc3 d5 6. Qb3 O-O 7. Bg2 Qb6 8. O-O
Rd8 9. c5 Qxb3 10. axb3 Na6 11. Bf4 Nd7 12. Rfd1 e5 13. Nxe5 Nxe5 14. Bxe5 Bxe5
15. dxe5 Bf5 16. Ra5 Bc2 17. Rd4 Bxb3 18. f4 Bc4 19. e4 Nb4 20. exd5 cxd5 21.
Rd2 a6 22. Ra4 a5 23. Ra3 Kg7 24. Na4 Rac8 25. Nb6 Rxc5 26. Rc3 Nc6 27. b3 Rb5
28. Nxc4 Rc5 29. Rcd3 dxc4 30. Rxd8 Nxd8 31. bxc4 Ne6 32. Bd5 Nc7 33. Bxb7 Rxc4
34. Ra2 a4 35. Kf2 f6 1/2-1/2

[Event "Campeonato del Mundo por Equipos 2005"]
[Site "Beer Sheva ISR"]
[Date "2005.11.07"]
[Round "6.4"]
[White "Asrian, Karen"]
[Black "Grischuk, Alexander"]
[Result "1/2-1/2"]
[WhiteElo "2645"]
[BlackElo "2720"]
[PlyCount "99"]
[EventDate "2005.11.01"]
[EventType "team"]
[EventRounds "8"]
[EventCountry "ISR"]
[Source "lmi"]
[SourceDate "2005.11.11"]
[WhiteTeam "Armenia"]
[BlackTeam "Russia"]
[WhiteTeamCountry "ARM"]
[BlackTeamCountry "RUS"]

1. e4 c5 2. Nf3 d6 3. d4 cxd4 4. Nxd4 Nf6 5. Nc3 a6 6. Be2 e5 7. Nb3 Be7 8. O-O
O-O 9. Kh1 Nc6 10. f3 a5 11. Be3 Be6 12. Nd5 a4 13. Nc1 Bxd5 14. exd5 Nd4 15.
c4 Nd7 16. Bd3 Bf6 17. Rb1 g6 18. Ne2 Bg7 19. Bc2 Qc7 20. Nxd4 exd4 21. Bxd4
Qxc4 22. Bxg7 Kxg7 23. a3 Nc5 24. Qd2 Rae8 25. Rfc1 Re5 26. Qb4 b5 27. b3 axb3
28. Bxb3 Qxb4 29. axb4 Nxb3 30. Rxb3 Rc8 31. Rbb1 Rxc1+ 32. Rxc1 Rxd5 33. Kg1
Rd4 34. Rc6 g5 35. Kf2 h5 36. Kg3 Kf6 37. Rb6 Rxb4 38. Rxd6+ Ke5 39. Rb6 f5 40.
h4 f4+ 41. Kh2 gxh4 42. Rh6 Kd4 43. Rxh5 Rb1 44. Rxh4 Ke3 45. Rh8 Kf2 46. Rb8
b4 47. Kh3 b3 48. Kg4 Kxg2 49. Kxf4 b2 50. Ke4 1/2-1/2

[Event "Campeonato del Mundo por Equipos 2005"]
[Site "Beer Sheva ISR"]
[Date "2005.11.08"]
[Round "7.1"]
[White "Zhao, Xue"]
[Black "Aronian, Levon"]
[Result "0-1"]
[WhiteElo "2478"]
[BlackElo "2724"]
[PlyCount "80"]
[EventDate "2005.11.01"]
[EventType "team"]
[EventRounds "8"]
[EventCountry "ISR"]
[Source "lmi"]
[SourceDate "2005.11.11"]
[WhiteTeam "CHW"]
[BlackTeam "Armenia"]
[BlackTeamCountry "ARM"]

1. d4 Nf6 2. c4 c5 3. d5 e5 4. Nc3 d6 5. e4 Be7 6. Bd3 Nbd7 7. Nge2 h5 8. f3 h4
9. Be3 g6 10. Qd2 Kf8 11. a3 Kg7 12. b4 a6 13. Na4 b6 14. Rb1 Nh7 15. bxc5 bxc5
16. O-O Bg5 17. f4 exf4 18. Nxf4 Re8 19. Bc2 Kg8 20. h3 Ne5 21. Nb2 Nf6 22. Rf2
Rb8 23. Qc3 Nfd7 24. Ba4 Qf6 25. Qc2 Qe7 26. Bd2 Bf6 27. Bc3 Bg7 28. Rbf1 Qg5
29. Kh1 Re7 30. Nfd3 Qg3 31. Bxd7 Bxd7 32. Bd2 g5 33. Be1 Bxh3 34. gxh3 Qxh3+
35. Kg1 Ng4 36. e5 Nxf2 37. Qxf2 Rxb2 38. Nxb2 Bxe5 39. Qd2 Bd4+ 40. Rf2 Re3
0-1

[Event "Campeonato del Mundo por Equipos 2005"]
[Site "Beer Sheva ISR"]
[Date "2005.11.08"]
[Round "7.1"]
[White "Vaganian, Rafael A"]
[Black "Huang, Qian"]
[Result "1/2-1/2"]
[WhiteElo "2614"]
[BlackElo "2398"]
[PlyCount "92"]
[EventDate "2005.11.01"]
[EventType "team"]
[EventRounds "8"]
[EventCountry "ISR"]
[Source "lmi"]
[SourceDate "2005.11.11"]
[WhiteTeam "Armenia"]
[BlackTeam "CHW"]
[WhiteTeamCountry "ARM"]

1. d4 Nf6 2. Nf3 g6 3. c4 Bg7 4. g3 O-O 5. Bg2 d5 6. cxd5 Nxd5 7. O-O Nb6 8.
Nc3 Nc6 9. e3 Re8 10. d5 Na5 11. Nd4 Bd7 12. e4 c6 13. Rb1 cxd5 14. exd5 Qc8
15. Re1 Bh3 16. Bh1 Qd7 17. Nb3 Bg4 18. Qd3 Nxb3 19. axb3 Bf5 20. Be4 Bxe4 21.
Rxe4 Rad8 22. Be3 Nxd5 23. Qxd5 Qxd5 24. Nxd5 Rxd5 25. Bxa7 e6 26. b4 Rb5 27.
Rd1 Bf8 28. Rd3 b6 29. Rc4 Rxb4 30. Rxb4 Bxb4 31. Bxb6 Be7 32. Bc7 Ra8 33. Be5
Ra7 34. Kg2 f6 35. Bc3 Kf7 36. f4 Rb7 37. Rd4 Bc5 38. Rc4 Bd6 39. Rc6 Ke7 40.
Kf3 e5 41. h4 Rb5 42. Ra6 exf4 43. gxf4 Rf5 44. Bd2 Rb5 45. Bc3 Rf5 46. Bd2 Rb5
1/2-1/2

[Event "Campeonato del Mundo por Equipos 2005"]
[Site "Beer Sheva ISR"]
[Date "2005.11.08"]
[Round "7.2"]
[White "Kaidanov, Gregory S"]
[Black "Zhang, Pengxiang"]
[Result "0-1"]
[WhiteElo "2608"]
[BlackElo "2613"]
[PlyCount "80"]
[EventDate "2005.11.01"]
[EventType "team"]
[EventRounds "8"]
[EventCountry "ISR"]
[Source "lmi"]
[SourceDate "2005.11.11"]
[WhiteTeam "United States"]
[BlackTeam "CHM"]
[WhiteTeamCountry "USA"]

1. d4 d5 2. c4 c6 3. Nc3 Nf6 4. Nf3 dxc4 5. a4 Bg4 6. Ne5 Bh5 7. g3 e6 8. Bg2
Bb4 9. O-O O-O 10. Nxc4 a5 11. h3 Nbd7 12. g4 Bg6 13. Bg5 Qc7 14. Bh4 Nb6 15.
Bg3 Qd8 16. Ne5 Nfd7 17. Nd3 Nc4 18. Ra2 Qb6 19. Nf4 e5 20. Nxg6 hxg6 21. dxe5
Ndxe5 22. Qc2 Rad8 23. Nb1 Rfe8 24. b3 Nd2 25. Nxd2 Rxd2 26. Qb1 Rd7 27. Kh2 g5
28. Rd1 Qd8 29. Rxd7 Nxd7 30. Qc2 Qf6 31. e3 Nc5 32. Qc4 Rd8 33. f4 gxf4 34.
exf4 Qd4 35. Bf1 Qd1 36. Re2 Nxb3 37. Bh4 Nd2 38. Bxd8 Nxc4 39. Re8+ Kh7 40.
Bxc4 Qd7 0-1

[Event "Campeonato del Mundo por Equipos 2005"]
[Site "Beer Sheva ISR"]
[Date "2005.11.08"]
[Round "7.2"]
[White "Ni, Hua"]
[Black "Ibragimov, Ildar"]
[Result "1-0"]
[WhiteElo "2603"]
[BlackElo "2617"]
[PlyCount "63"]
[EventDate "2005.11.01"]
[EventType "team"]
[EventRounds "8"]
[EventCountry "ISR"]
[Source "lmi"]
[SourceDate "2005.11.11"]
[WhiteTeam "CHM"]
[BlackTeam "United States"]
[BlackTeamCountry "USA"]

1. e4 e5 2. Nf3 Nc6 3. Bb5 a6 4. Bxc6 dxc6 5. O-O Qd6 6. Na3 b5 7. c3 c5 8. Nc2
Bb7 9. a4 b4 10. Qe2 O-O-O 11. cxb4 cxb4 12. d4 exd4 13. Ncxd4 c5 14. Rd1 cxd4
15. Rxd4 Qxd4 16. Nxd4 Rxd4 17. Bf4 Ne7 18. Rc1+ Nc6 19. Qe3 Bc5 20. Qh3+ Kd8
21. Be3 Re8 22. Qxh7 Ba7 23. Qxg7 Rdxe4 24. Qf6+ Kc7 25. Bf4+ Kb6 26. h4 Re1+
27. Rxe1 Rxe1+ 28. Kh2 Re6 29. Qxf7 Re7 30. Qd5 Bb8 31. Bxb8 Nxb8 32. Qd8+ 1-0

[Event "Campeonato del Mundo por Equipos 2005"]
[Site "Beer Sheva ISR"]
[Date "2005.11.08"]
[Round "7.2"]
[White "Novikov, Igor A"]
[Black "Zhang, Zhong"]
[Result "0-1"]
[WhiteElo "2580"]
[BlackElo "2598"]
[PlyCount "114"]
[EventDate "2005.11.01"]
[EventType "team"]
[EventRounds "8"]
[EventCountry "ISR"]
[Source "lmi"]
[SourceDate "2005.11.11"]
[WhiteTeam "United States"]
[BlackTeam "CHM"]
[WhiteTeamCountry "USA"]

1. d4 Nf6 2. c4 e6 3. Nf3 b6 4. g3 Ba6 5. b3 Bb7 6. Bg2 Bb4+ 7. Bd2 a5 8. O-O
O-O 9. Bc3 d5 10. cxd5 Bxd5 11. a3 Bd6 12. Bb2 Ne4 13. Nfd2 Nxd2 14. Nxd2 Bxg2
15. Kxg2 Qc8 16. e4 Qb7 17. Qf3 Nd7 18. Rad1 Rfd8 19. Nc4 b5 20. Ne3 c6 21. Ng4
Be7 22. h4 h5 23. Ne3 Nf6 24. Rc1 c5 25. dxc5 Qxe4 26. Rfd1 Rdc8 27. b4 axb4
28. Qxe4 Nxe4 29. axb4 Ra2 30. Rc2 Ra4 31. f3 Nf6 32. Bc3 Kf8 33. Ra1 Rxa1 34.
Bxa1 Ra8 35. Bc3 Ke8 36. Kf2 g6 37. Ke2 Nd7 38. Rc1 Ra2+ 39. Kd3 Bxc5 40. Nc2
Bf2 41. Be1 Ne5+ 42. Kc3 Bb6 43. f4 Nc4 44. Kb3 Rb2+ 45. Kc3 Ra2 46. Kd3 Kd7
47. Ra1 Rxa1 48. Nxa1 Kd6 49. Nb3 Kd5 50. Nc1 e5 51. Ne2 e4+ 52. Kc3 Nd6 53.
Kb3 e3 54. Kc3 Ke4 55. Kc2 Bd4 56. Ng1 Nf5 57. Ne2 Bf6 0-1

[Event "Campeonato del Mundo por Equipos 2005"]
[Site "Beer Sheva ISR"]
[Date "2005.11.08"]
[Round "7.3"]
[White "Bruzon, Lazaro"]
[Black "Ivanchuk, Vassily"]
[Result "0-1"]
[WhiteElo "2677"]
[BlackElo "2748"]
[PlyCount "154"]
[EventDate "2005.11.01"]
[EventType "team"]
[EventRounds "8"]
[EventCountry "ISR"]
[Source "lmi"]
[SourceDate "2005.11.11"]
[WhiteTeam "Cuba"]
[BlackTeam "Ukraine"]
[WhiteTeamCountry "CUB"]
[BlackTeamCountry "UKR"]

1. e4 c5 2. Nf3 d6 3. d4 cxd4 4. Nxd4 Nf6 5. Nc3 a6 6. Be2 e5 7. Nb3 Be7 8. g4
h6 9. Be3 Be6 10. Rg1 Nc6 11. Nd5 Rc8 12. Bf3 Bxd5 13. exd5 Na5 14. Nd2 Nc4 15.
Nxc4 Rxc4 16. Be2 Re4 17. Qd2 Nd7 18. Bd3 Rxe3+ 19. fxe3 Bh4+ 20. Ke2 e4 21.
Bxe4 O-O 22. Raf1 Re8 23. Bf5 Ne5 24. Qb4 b5 25. Bd3 Bg5 26. Rg3 Qb6 27. Qe4 g6
28. Kd1 b4 29. Kc1 a5 30. Kb1 a4 31. Qd4 Qa5 32. e4 b3 33. Be2 bxa2+ 34. Kxa2
Rb8 35. Ra3 Rb4 36. Qc3 Qb6 37. Bd3 Be3 38. Rb1 Bc5 39. b3 axb3+ 40. Rbxb3 Kg7
41. Rxb4 Bxb4 42. Qb2 Qc5 43. Ra4 Be1 44. h3 Bf2 45. Ra8 Kf6 46. Qa3 Qc7 47.
Qb4 Bb6 48. Kb3 Kg5 49. Qd2+ Kh4 50. Ka2 Bc5 51. Qa5 Qxa5+ 52. Rxa5 Kxh3 53.
Be2 Kg3 54. Ra8 Kf4 55. Rh8 Kxe4 56. Rxh6 Kxd5 57. Kb3 Ke4 58. Rh7 Kf4 59. Kc3
d5 60. Rh8 Ke3 61. Re8 Bd4+ 62. Kb4 Kxe2 63. c3 Kd3 64. cxd4 Kxd4 65. g5 Nf3
66. Re7 Nxg5 67. Kb5 Ne4 68. Kc6 f5 69. Rd7 Nf6 70. Rg7 Ng4 71. Kd6 Ne5 72. Ke6
f4 73. Rg8 Ke4 74. Rd8 f3 75. Rxd5 f2 76. Rd1 g5 77. Rf1 Kd3 0-1

[Event "Campeonato del Mundo por Equipos 2005"]
[Site "Beer Sheva ISR"]
[Date "2005.11.08"]
[Round "7.3"]
[White "Volokitin, Andrei"]
[Black "Dominguez, Lenier"]
[Result "1/2-1/2"]
[WhiteElo "2666"]
[BlackElo "2635"]
[PlyCount "44"]
[EventDate "2005.11.01"]
[EventType "team"]
[EventRounds "8"]
[EventCountry "ISR"]
[Source "lmi"]
[SourceDate "2005.11.11"]
[WhiteTeam "Ukraine"]
[BlackTeam "Cuba"]
[WhiteTeamCountry "UKR"]
[BlackTeamCountry "CUB"]

1. e4 e5 2. Nf3 Nf6 3. Nxe5 d6 4. Nf3 Nxe4 5. d4 d5 6. Bd3 Nc6 7. O-O Be7 8. c4
Nb4 9. cxd5 Nxd3 10. Qxd3 Qxd5 11. Re1 Bf5 12. Ne5 g6 13. Nc3 Nxc3 14. Qxc3
O-O-O 15. Bf4 Bd6 16. Bg5 Rde8 17. Nc4 Bd7 18. Bf6 Rxe1+ 19. Rxe1 Re8 20. Nxd6+
Qxd6 21. Be5 Qc6 22. Qd2 Qd5 1/2-1/2

[Event "Campeonato del Mundo por Equipos 2005"]
[Site "Beer Sheva ISR"]
[Date "2005.11.08"]
[Round "7.3"]
[White "Karjakin, Sergey"]
[Black "Arencibia, Walter"]
[Result "1/2-1/2"]
[WhiteElo "2658"]
[BlackElo "2510"]
[PlyCount "97"]
[EventDate "2005.11.01"]
[EventType "team"]
[EventRounds "8"]
[EventCountry "ISR"]
[Source "lmi"]
[SourceDate "2005.11.11"]
[WhiteTeam "Ukraine"]
[BlackTeam "Cuba"]
[WhiteTeamCountry "UKR"]
[BlackTeamCountry "CUB"]

1. e4 c5 2. Nf3 e6 3. d4 cxd4 4. Nxd4 a6 5. Bd3 Bc5 6. Nb3 Ba7 7. Qe2 Nc6 8.
Be3 d6 9. f4 b5 10. a4 bxa4 11. Rxa4 Bxe3 12. Qxe3 Nf6 13. O-O O-O 14. Nc3 e5
15. f5 Rb8 16. Nd5 a5 17. Rfa1 Bd7 18. Nxf6+ Qxf6 19. Nxa5 Nb4 20. R4a3 d5 21.
Nb3 Rfc8 22. exd5 Nxd5 23. Qf2 Nf4 24. Nc5 Bxf5 25. Bxf5 Qxf5 26. Nd3 g6 27.
Nxf4 Qxf4 28. Rf3 Qc4 29. Rc3 Qd5 30. Rxc8+ Rxc8 31. c3 e4 32. h3 Re8 33. Qe3
Qb3 34. Qe2 e3 35. Rf1 Qd5 36. Rd1 Qe5 37. c4 Rb8 38. Rd3 Rxb2 39. Qxe3 Rb1+
40. Kf2 Rb2+ 41. Kf3 Qf6+ 42. Kg3 h5 43. Qe4 Kg7 44. Kh2 Rc2 45. Rd1 Rc3 46.
Kh1 Qe6 47. Qd4+ Qf6 48. Qd5 Qe6 49. Qd4+ 1/2-1/2

[Event "Campeonato del Mundo por Equipos 2005"]
[Site "Beer Sheva ISR"]
[Date "2005.11.08"]
[Round "7.4"]
[White "Gelfand, Boris"]
[Black "Azmaiparashvili, Zurab"]
[Result "1/2-1/2"]
[WhiteElo "2717"]
[BlackElo "2658"]
[PlyCount "35"]
[EventDate "2005.11.01"]
[EventType "team"]
[EventRounds "8"]
[EventCountry "ISR"]
[Source "lmi"]
[SourceDate "2005.11.11"]
[WhiteTeam "Israel"]
[BlackTeam "Georgia"]
[WhiteTeamCountry "ISR"]
[BlackTeamCountry "GEO"]

1. d4 d6 2. Nf3 g6 3. c4 Bg7 4. e4 Bg4 5. Be2 Nc6 6. Be3 e5 7. d5 Bxf3 8. Bxf3
Nd4 9. Bxd4 exd4 10. Nd2 Ne7 11. O-O O-O 12. Be2 Nc8 13. Rc1 Nb6 14. Nb3 Re8
15. Bf3 Na4 16. Qd2 d3 17. Qxd3 Bxb2 18. Rc2 1/2-1/2

[Event "Campeonato del Mundo por Equipos 2005"]
[Site "Beer Sheva ISR"]
[Date "2005.11.09"]
[Round "8.1"]
[White "Ivanchuk, Vassily"]
[Black "Gelfand, Boris"]
[Result "1/2-1/2"]
[WhiteElo "2748"]
[BlackElo "2717"]
[PlyCount "56"]
[EventDate "2005.11.01"]
[EventType "team"]
[EventRounds "8"]
[EventCountry "ISR"]
[Source "lmi"]
[SourceDate "2005.11.11"]
[WhiteTeam "Ukraine"]
[BlackTeam "Israel"]
[WhiteTeamCountry "UKR"]
[BlackTeamCountry "ISR"]

1. e4 c5 2. Nf3 d6 3. Nc3 Nf6 4. d4 cxd4 5. Nxd4 a6 6. Bg5 e6 7. f4 Nbd7 8. Qf3
Qc7 9. O-O-O b5 10. Bd3 Bb7 11. Rhe1 Qb6 12. Qe3 O-O-O 13. f5 e5 14. Nb3 Be7
15. Qg3 g6 16. Rf1 Nh5 17. Qh4 Bxg5+ 18. Qxg5 Nf4 19. g3 f6 20. Qh6 Qe3+ 21.
Kb1 Nd5 22. Qg7 Nxc3+ 23. bxc3 gxf5 24. Rxf5 Qb6 25. Rh5 Qc7 26. Kb2 Nb6 27.
Qxc7+ Kxc7 28. Ka3 Rdg8 1/2-1/2

[Event "Campeonato del Mundo por Equipos 2005"]
[Site "Beer Sheva ISR"]
[Date "2005.11.09"]
[Round "8.1"]
[White "Volokitin, Andrei"]
[Black "Roiz, Michael"]
[Result "1/2-1/2"]
[WhiteElo "2666"]
[BlackElo "2600"]
[PlyCount "37"]
[EventDate "2005.11.01"]
[EventType "team"]
[EventRounds "8"]
[EventCountry "ISR"]
[Source "lmi"]
[SourceDate "2005.11.11"]
[WhiteTeam "Ukraine"]
[BlackTeam "Israel"]
[WhiteTeamCountry "UKR"]
[BlackTeamCountry "ISR"]

1. e4 e6 2. d4 d5 3. Nc3 dxe4 4. Nxe4 Nd7 5. Nf3 Ngf6 6. Nxf6+ Nxf6 7. Bd3 c5
8. Be3 Qc7 9. Qe2 Be7 10. dxc5 O-O 11. O-O-O Nd5 12. Bd4 Nf4 13. Qe4 Nxd3+ 14.
Rxd3 f6 15. Rhd1 e5 16. Be3 Be6 17. R3d2 Qc8 18. h3 b6 19. c6 1/2-1/2

[Event "Campeonato del Mundo por Equipos 2005"]
[Site "Beer Sheva ISR"]
[Date "2005.11.09"]
[Round "8.1"]
[White "Erenburg, Sergey"]
[Black "Karjakin, Sergey"]
[Result "1/2-1/2"]
[WhiteElo "2582"]
[BlackElo "2658"]
[PlyCount "78"]
[EventDate "2005.11.01"]
[EventType "team"]
[EventRounds "8"]
[EventCountry "ISR"]
[Source "lmi"]
[SourceDate "2005.11.11"]
[WhiteTeam "Israel"]
[BlackTeam "Ukraine"]
[WhiteTeamCountry "ISR"]
[BlackTeamCountry "UKR"]

1. e4 c5 2. Nf3 d6 3. d4 cxd4 4. Nxd4 Nf6 5. Nc3 a6 6. Be3 e5 7. Nb3 Be6 8. Qd2
Nbd7 9. f3 b5 10. O-O-O Nb6 11. Qf2 Nc4 12. Bxc4 bxc4 13. Nc5 Be7 14. g4 Bxg4
15. Rhg1 Bh5 16. N5a4 O-O 17. Nb6 Rb8 18. Nxc4 Qc7 19. Nb6 Bd8 20. Qg2 Bg6 21.
Ncd5 Nxd5 22. Nxd5 Qb7 23. b3 f5 24. Bg5 Qf7 25. Bxd8 Rbxd8 26. h4 fxe4 27.
fxe4 Kh8 28. Rdf1 Qd7 29. a4 a5 30. Kb1 Rb8 31. Rxf8+ Rxf8 32. Rf1 Rxf1+ 33.
Qxf1 h5 34. Nc3 Kh7 35. Qd3 Qd8 36. Qg3 Qc8 37. Qe1 Qg4 38. Kb2 Qf4 39. Nb5
Qxe4 1/2-1/2

[Event "Campeonato del Mundo por Equipos 2005"]
[Site "Beer Sheva ISR"]
[Date "2005.11.09"]
[Round "8.2"]
[White "Dominguez, Lenier"]
[Black "Gulko, Boris F"]
[Result "1-0"]
[WhiteElo "2635"]
[BlackElo "2577"]
[PlyCount "63"]
[EventDate "2005.11.01"]
[EventType "team"]
[EventRounds "8"]
[EventCountry "ISR"]
[Source "lmi"]
[SourceDate "2005.11.11"]
[WhiteTeam "Cuba"]
[BlackTeam "United States"]
[WhiteTeamCountry "CUB"]
[BlackTeamCountry "USA"]

1. e4 c5 2. Nf3 d6 3. d4 cxd4 4. Nxd4 Nf6 5. Nc3 Nc6 6. Bg5 e6 7. Qd2 Be7 8.
O-O-O O-O 9. f3 a6 10. h4 Nxd4 11. Qxd4 b5 12. Kb1 Qc7 13. Qd2 b4 14. Ne2 a5
15. Nd4 Ba6 16. Bxa6 Rxa6 17. Qe2 Rb6 18. g4 Rc8 19. h5 h6 20. Be3 Nd7 21. Rhg1
Bf6 22. g5 hxg5 23. Bxg5 Kh8 24. Bxf6 Nxf6 25. Rg5 a4 26. Qd2 Qe7 27. Rdg1 Rg8
28. Qg2 Ne8 29. Rg6 Qf8 30. Nxe6 fxe6 31. h6 Qf7 32. Rh1 1-0

[Event "Campeonato del Mundo por Equipos 2005"]
[Site "Beer Sheva ISR"]
[Date "2005.11.09"]
[Round "8.3"]
[White "Aronian, Levon"]
[Black "Bu, Xiangzhi"]
[Result "1/2-1/2"]
[WhiteElo "2724"]
[BlackElo "2637"]
[PlyCount "76"]
[EventDate "2005.11.01"]
[EventType "team"]
[EventRounds "8"]
[EventCountry "ISR"]
[Source "lmi"]
[SourceDate "2005.11.11"]
[WhiteTeam "Armenia"]
[BlackTeam "CHM"]
[WhiteTeamCountry "ARM"]

1. d4 d5 2. Nf3 Nf6 3. c4 c6 4. Nc3 dxc4 5. a4 Bg4 6. Ne5 Bh5 7. f3 e6 8. e4
Bb4 9. Be2 b5 10. Be3 Nfd7 11. g4 Bg6 12. h4 Nxe5 13. dxe5 h5 14. Qxd8+ Kxd8
15. g5 Nd7 16. axb5 cxb5 17. Bd2 Nc5 18. Nxb5 Bxd2+ 19. Kxd2 Nb3+ 20. Kc3 Nxa1
21. Rxa1 a5 22. Nd6 Ke7 23. Nxc4 Rhc8 24. Kd4 f6 25. Ke3 Rcb8 26. gxf6+ gxf6
27. Rg1 Bf7 28. Rg7 Rh8 29. f4 Rag8 30. exf6+ Kxf6 31. Rg5 Rxg5 32. fxg5+ Kg7
33. Nxa5 Rb8 34. Nc4 Rb3+ 35. Kf4 Be8 36. Bd1 Rd3 37. Be2 Rb3 38. Bd1 Rd3
1/2-1/2

[Event "Campeonato del Mundo por Equipos 2005"]
[Site "Beer Sheva ISR"]
[Date "2005.11.09"]
[Round "8.3"]
[White "Asrian, Karen"]
[Black "Ni, Hua"]
[Result "1-0"]
[WhiteElo "2645"]
[BlackElo "2603"]
[PlyCount "95"]
[EventDate "2005.11.01"]
[EventType "team"]
[EventRounds "8"]
[EventCountry "ISR"]
[Source "lmi"]
[SourceDate "2005.11.11"]
[WhiteTeam "Armenia"]
[BlackTeam "CHM"]
[WhiteTeamCountry "ARM"]

1. e4 c5 2. Nf3 Nc6 3. d4 cxd4 4. Nxd4 Nf6 5. Nc3 e5 6. Ndb5 d6 7. Bg5 a6 8.
Na3 b5 9. Bxf6 gxf6 10. Nd5 f5 11. Bd3 Be6 12. O-O Bxd5 13. exd5 Ne7 14. c3 Bg7
15. Qh5 e4 16. Bc2 Qc8 17. Rae1 O-O 18. Bb3 a5 19. Nxb5 a4 20. Bd1 Qc5 21. Be2
Nxd5 22. Qg5 h6 23. Qg3 f4 24. Qh4 Rae8 25. c4 Nc7 26. Nxc7 Qxc7 27. Qxf4 Qb6
28. Bd1 Qc6 29. b3 axb3 30. Bxb3 Re5 31. Rd1 Rfe8 32. Rd5 Rxd5 33. cxd5 Qc5 34.
h3 e3 35. fxe3 Qxe3+ 36. Qxe3 Rxe3 37. Rd1 f5 38. Kf2 f4 39. Re1 Rxe1 40. Kxe1
Bc3+ 41. Ke2 Kf7 42. Kd3 Be1 43. Bd1 Kf6 44. a4 Ba5 45. Kc4 Be1 46. Kb5 Ke7 47.
Bg4 Kd8 48. Kb6 1-0